000
00322nam a2200145Ia 4500
100
_a
Edminister/J.A
250
_a
2
942
_c
BK
654
_a
problems
245
_a
Theory and problems of electromagnetics
260
_b
McGraw Hill
_a
New york
_c
1993
082
_a
537.02
_b
EDM
300
_a
322
546
_a
ENGLISH
999
_c
33669
_d
33669